000
00340 a2200169 4500
001
192505
020
_a
978-85-08-17218-4
040
_c
Magnum
100
_a
França, Mary
240
1
0
_a
O relógio
_l
por
245
1
0
_a
O relógio
300
_a
16
362
0
_a
2015
440
1
_a
Ática
697
_a
LITERATURA INFANTIL
942
_c
BK
999
_c
192505
_d
192505